Подробности
| 000 -МАРКЕР |
| контрольное поле |
02661nam0a22003851 4500 |
| 001 - ИДЕНТИФИКАТОР ЗАПИСИ |
| контрольное поле |
rc\4038907 |
| 005 - ИДЕНТИФИКАТОР ВЕРСИИ |
| контрольное поле |
20260409070058.0 |
| 021 ## - НОМЕР ГОСУДАРСТВЕННОЙ РЕГИСТРАЦИИ |
| Код страны |
российская федерация |
| Номер |
[48-34811] |
| 035 ## - ДРУГИЕ СИСТЕМНЫЕ НОМЕРА |
| Идентификатор записи |
(NLR Aleph) 008097716 |
| 100 ## - ДАННЫЕ ОБЩЕЙ ОБРАБОТКИ |
| Данные общей обработки |
20130415d1948 k y0rusy50 ca |
| 101 0# - ЯЗЫК РЕСУРСА |
| Язык текста, звукозаписи и т.д. |
русский |
| 102 ## - СТРАНА ПУБЛИКАЦИИ ИЛИ ПРОИЗВОДСТВА |
| Страна публикации |
российская федерация |
| 105 ## - ПОЛЕ КОДИРОВАННЫХ ДАННЫХ: ТЕКСТОВЫЕ МАТЕРИАЛЫ, МОНОГРАФИЧЕСКИЕ |
| Кодированные данные о монографическом текстовом документе |
c z 1|||| |
| 200 1# - ЗАГЛАВИЕ И СВЕДЕНИЯ ОБ ОТВЕТСТВЕННОСТИ |
| Основное заглавие |
О положении в биологической науке |
| Сведения, относящиеся к заглавию |
доклад на сессии Академии сельскохозяйственных наук им. В.И. Ленина 31-го июля 1948 г. |
| Первые сведения об ответственности |
академик Т.Д. Лысенко |
| 205 ## - СВЕДЕНИЯ ОБ ИЗДАНИИ |
| Сведения об издании |
2-е изд. |
| 210 ## - ПУБЛИКАЦИЯ, РАСПРОСТРАНЕНИЕ И ДР. |
| Место издания, распространения и т.д. |
Москва |
| Имя издателя, распространителя и т. д. |
Сельхозгиз |
| Дата издания, распространения и т.д. |
1948 |
| Имя изготовителя |
типография "Красный пролетарий" |
| 215 ## - ФИЗИЧЕСКАЯ ХАРАКТЕРИСТИКА |
| Специфическое обозначение материала и объем |
64 с. |
| Другие сведения о физической характеристике |
портр. |
| Размеры |
20 |
| 327 0# - ПРИМЕЧАНИЯ О СОДЕРЖАНИИ |
| Текст примечания |
В книге также: Постановление сессии Всесоюзной академии сельскохозяйственных наук им. В.И. Ленина по докладу академика Т.Д. Лысенко "О положении в биологической науке" |
| 464 #0 - АНАЛИТИЧЕСКИЙ УРОВЕНЬ |
| Встроенное поле |
2001#$aПостановление сессии Всесоюзной академии сельскохозяйственных наук имени В.И. Ленина по докладу академика Т.Д. Лысенко "О положении в биологической науке" |
| Заглавие |
Постановление сессии Всесоюзной академии сельскохозяйственных наук имени В.И. Ленина по докладу академика Т.Д. Лысенко "О положении в биологической науке" |
| 606 ## - НАИМЕНОВАНИЕ ТЕМЫ КАК ПРЕДМЕТ |
| Наименование темы |
Дарвинизм |
| Тематический подзаголовок |
Философские основы |
| Системный номер авторитетной/нормативной записи |
924900 |
| Идентификатор авторитетной/нормативной записи |
RU\NLR\AUTH\66339582 |
| 606 ## - НАИМЕНОВАНИЕ ТЕМЫ КАК ПРЕДМЕТ |
| Наименование темы |
Эволюция (биол.) |
| Идентификатор авторитетной/нормативной записи |
RU\NLR\AUTH\66136599 |
| Системный номер авторитетной/нормативной записи |
1142724 |
| 606 ## - НАИМЕНОВАНИЕ ТЕМЫ КАК ПРЕДМЕТ |
| Наименование темы |
Наследственность |
| Системный номер авторитетной/нормативной записи |
930489 |
| Идентификатор авторитетной/нормативной записи |
RU\NLR\AUTH\6623965 |
| 606 ## - НАИМЕНОВАНИЕ ТЕМЫ КАК ПРЕДМЕТ |
| Наименование темы |
Генетика |
| Системный номер авторитетной/нормативной записи |
1002501 |
| Идентификатор авторитетной/нормативной записи |
RU\NLR\AUTH\6662703 |
| 606 ## - НАИМЕНОВАНИЕ ТЕМЫ КАК ПРЕДМЕТ |
| Наименование темы |
Биология |
| Тематический подзаголовок |
Мичуринское учение |
| Системный номер авторитетной/нормативной записи |
1145260 |
| Идентификатор авторитетной/нормативной записи |
RU\NLR\AUTH\66138000 |
| 606 1# - НАИМЕНОВАНИЕ ТЕМЫ КАК ПРЕДМЕТ |
| Наименование темы |
Биология |
| Формальный подзаголовок |
Съезды, совещания и т. п. |
| Тематический подзаголовок |
Научная пропаганда |
| Системный номер авторитетной/нормативной записи |
1180340 |
| Идентификатор авторитетной/нормативной записи |
RU\NLR\AUTH\66157223 |
| 686 1# - ИНДЕКСЫ ДРУГИХ КЛАССИФИКАЦИЙ |
| Индекс |
Е022 |
| 700 #1 - ИМЯ ЛИЦА - ПЕРВИЧНАЯ ОТВЕТСТВЕННОСТЬ |
| Код отношения |
Автор |
| Графика поля |
Кириллица |
| Материалы, к которым относится поле |
rus |
| Начальный элемент ввода |
Лысенко |
| Часть имени, кроме начального элемента ввода |
Т. Д. |
| Даты |
1898-1976 |
| Расширение инициалов личного имени |
Трофим Денисович |
| Идентификатор авторитетной/нормативной записи |
RU\NLR\AUTH\770252230 |
| Системный номер авторитетной/нормативной записи |
252174 |
| 711 02 - НАИМЕНОВАНИЕ ОРГАНИЗАЦИИ - АЛЬТЕРНАТИВНАЯ ОТВЕТСТВЕННОСТЬ |
| Начальный элемент ввода |
ВАСХНИЛ |
| Структурное подразделение |
Сессия |
| Дата проведения временной организации |
1948, июль-август |
| Идентификатор авторитетной/нормативной записи |
RU\NLR\AUTH\8817706 |
| Системный номер авторитетной/нормативной записи |
308634 |
| 801 #0 - ИСТОЧНИК ЗАПИСИ |
| Страна |
российская федерация |
| Организация |
NLR |
| Правила каталогизации |
psbo |
| 801 #1 - ИСТОЧНИК ЗАПИСИ |
| Страна |
российская федерация |
| Организация |
ELAR |
| Источник данных |
rusmarc |
| 852 ## - МЕСТОНАХОЖДЕНИЕ И ШИФР ХРАНЕНИЯ |
| Идентификатор организации |
NLR |
| Шифр хранения (Call Number) |
Бл02 Г-4/163 |
| 942 ## - ДОПОЛНИТЕЛЬНЫЕ ЭЛЕМЕНТЫ ЗАПИСИ (АБИС) |
| Тип экземпляра АБИС |
Книга |
| 980 ## - КОЛЛЕКЦИЯ |
| Название коллекции |
Национальная библиография |